[Event "2023 Norbert Muller Cup (Division D)"]
[Site "Woodvale, Perth WA AUS"]
[Date "2023.10.18"]
[Round "2"]
[White "Jahn, Harold"]
[Black "Bordas, Lindsay"]
[Result "0-1"]
[WhiteElo "997"]
[BlackElo "1196"]
[PlyCount "88"]
[EventDate "2023.10.11"]
[EventType "swiss"]
[EventRounds "7"]
[EventCountry "AUS"]
[TimeControl "3600+30"]

1. d4 e6 2. Nf3 d5 3. e3 c5 4. Bd2 cxd4 5. exd4 Bd6 6. Bd3 Nf6 7. Nc3 O-O 8. h4
Re8 9. Qe2 Nc6 10. O-O-O e5 11. Ng5 g6 12. Qf3 e4 13. Bxe4 dxe4 14. Ncxe4 Be7
15. h5 Bg4 16. Nxf6+ Bxf6 17. Qxg4 Qxd4 18. Qxd4 Nxd4 19. hxg6 Kg7 20. Bc3 Ne2+
21. Kd2 Nxc3 22. bxc3 Bxg5+ 23. Kd3 Kxg6 24. g3 Rad8+ 25. Kc4 Re4+ 26. Kb3 Rxd1
27. Rxd1 Re2 28. f4 Bf6 29. Rf1 Re3 30. Rg1 Rxc3+ 31. Kb4 Rxc2 32. a4 Rb2+ 33.
Ka3 Rf2 34. Rb1 Rf3+ 35. Kb4 Rxg3 36. Rf1 Rg4 37. Kb5 Bd4 38. f5+ Kf6 39. a5
Rg5 40. a6 bxa6+ 41. Kxa6 Rxf5 42. Rd1 Rf4 43. Kb7 h5 44. Rh1 h4 0-1

[Event "2023 Norbert Muller Cup (Division D)"]
[Site "Woodvale, Perth WA AUS"]
[Date "2023.10.18"]
[Round "2"]
[White "Nel, Kevin"]
[Black "Hounsome, David"]
[Result "0-1"]
[WhiteElo "1147"]
[BlackElo "1417"]
[PlyCount "78"]
[EventDate "2023.10.11"]
[EventType "swiss"]
[EventRounds "7"]
[EventCountry "AUS"]
[TimeControl "3600+30"]

1. e4 e6 2. Nf3 d5 3. e5 c5 4. d4 Nc6 5. Bb5 Bd7 6. O-O Nxe5 7. Bxd7+ Nxd7 8.
Nc3 cxd4 9. Qxd4 Ngf6 10. Bf4 Bc5 11. Qd2 O-O 12. Ne2 Rc8 13. Ng3 b5 14. h4 Re8
15. h5 Nxh5 16. Nxh5 e5 17. Bh6 g6 18. Ng7 Re7 19. Ng5 d4 20. Rad1 Rc6 21. c3
f5 22. cxd4 exd4 23. Qf4 Rxg7 24. Rfe1 Re7 25. Qf3 Rd6 26. Rxe7 Qxe7 27. Qa8+
Nf8 28. Nxh7 Rd8 29. Qc6 Nxh7 30. Qxg6+ Kh8 31. Qxf5 Nf6 32. Bg5 Rf8 33. Rc1
Bb6 34. Rc8 Bd8 35. Rc6 Kg7 36. Qh3 Qe1+ 37. Kh2 Rh8 38. Bxf6+ Bxf6 39. Rc7+
Be7 0-1

[Event "2023 Norbert Muller Cup (Division D)"]
[Site "Woodvale, Perth WA AUS"]
[Date "2023.10.18"]
[Round "2"]
[White "Markou, Victor"]
[Black "Lanham, Bruce"]
[Result "0-1"]
[WhiteElo "1042"]
[BlackElo "1215"]
[PlyCount "72"]
[EventDate "2023.10.11"]
[EventType "swiss"]
[EventRounds "7"]
[EventCountry "AUS"]
[TimeControl "3600+30"]

1. e4 c6 2. Nf3 d5 3. Nc3 dxe4 4. Nxe4 Nf6 5. Nxf6+ exf6 6. d4 Bd6 7. g3 Nd7 8.
Bg2 O-O 9. O-O Re8 10. Be3 Qc7 11. Re1 Nb6 12. c4 Nxc4 13. Nd2 Nxe3 14. fxe3
Bf5 15. e4 Bg6 16. Rc1 Qb6 17. Nc4 Qd8 18. d5 Bc5+ 19. Kh1 cxd5 20. exd5 Rc8
21. Nd2 b6 22. a3 Rxe1+ 23. Qxe1 Qe8 24. b4 Qxe1+ 25. Rxe1 Bd6 26. Ne4 Bxe4 27.
Bxe4 Rc3 28. a4 Bxb4 29. Rd1 Bd6 30. Bd3 g6 31. Re1 Rxd3 32. Re8+ Kg7 33. Rd8
Rxd5 34. Rd7 a5 35. Rb7 Bc5 36. h3 Rd4 0-1

[Event "2023 Norbert Muller Cup (Division A)"]
[Site "Woodvale, Perth WA AUS"]
[Date "2023.10.25"]
[Round "3"]
[White "Gibson, Jacob"]
[Black "Maris, Rob"]
[Result "0-1"]
[WhiteElo "2018"]
[BlackElo "2099"]
[PlyCount "76"]
[EventDate "2023.10.11"]
[EventType "tourn"]
[EventRounds "7"]
[EventCountry "AUS"]
[TimeControl "3600+30"]

1. e4 c5 2. Nf3 Nc6 3. d4 cxd4 4. Nxd4 Nf6 5. Nc3 d6 6. f3 Qb6 7. Nb3 g6 8. Bg5
Bg7 9. Bxf6 Bxf6 10. Nd5 Qd8 11. Nxf6+ exf6 12. Qd2 Be6 13. O-O-O Ke7 14. f4
Qc7 15. Be2 Rac8 16. Kb1 h5 17. Rhe1 a5 18. f5 Bd7 19. a3 a4 20. Nc1 g5 21. Na2
Ne5 22. Nc3 Bc6 23. Bb5 Ra8 24. Qd4 Rhb8 25. Qb4 Nd7 26. Re2 Nb6 27. Red2 Rd8
28. Re1 Kf8 29. e5 fxe5 30. Rxe5 Kg8 31. Re3 Bxb5 32. Nxb5 Qc5 33. Nxd6 Qxe3
34. Rd4 Nc8 35. Re4 Qg1+ 36. Re1 Qb6 37. Nxc8 Qxb4 38. Ne7+ Qxe7 0-1

[Event "2023 Norbert Muller Cup (Division A)"]
[Site "Woodvale, Perth WA AUS"]
[Date "2023.10.25"]
[Round "3"]
[White "Clarke, Daniel"]
[Black "Curthoys, Edward"]
[Result "1-0"]
[WhiteElo "1928"]
[BlackElo "1934"]
[PlyCount "67"]
[EventDate "2023.10.11"]
[EventType "tourn"]
[EventRounds "7"]
[EventCountry "AUS"]
[TimeControl "3600+30"]

1. e4 c6 2. Nc3 d5 3. Nf3 e6 4. d3 d4 5. Nb1 e5 6. Be2 Bd6 7. O-O Ne7 8. Nbd2
Nd7 9. c3 c5 10. Nc4 Bc7 11. Qb3 h6 12. Nh4 O-O 13. f4 exf4 14. Bxf4 Bxf4 15.
Rxf4 Nf6 16. Raf1 Be6 17. Qc2 b5 18. Na3 Rb8 19. Qd2 Ng6 20. Nxg6 fxg6 21. e5
Nd7 22. cxd4 cxd4 23. Rxd4 Rxf1+ 24. Kxf1 Qb6 25. Rd6 Rf8+ 26. Bf3 Qc7 27. Rxe6
Nxe5 28. Qc3 Qxc3 29. bxc3 Nxd3 30. Nxb5 Rf5 31. c4 Nb2 32. Nd6 Ra5 33. Be4 Kf8
34. Re8# 1-0

[Event "2023 Norbert Muller Cup (Division A)"]
[Site "Woodvale, Perth WA AUS"]
[Date "2023.10.25"]
[Round "3"]
[White "Plaganyi, Gyula"]
[Black "Wolstencroft, Alan"]
[Result "1-0"]
[WhiteElo "1990"]
[WhiteTitle "CM"]
[BlackElo "1865"]
[PlyCount "125"]
[EventDate "2023.10.11"]
[EventType "tourn"]
[EventRounds "7"]
[EventCountry "AUS"]
[TimeControl "3600+30"]

1. d4 Nf6 2. Bf4 d6 3. Nc3 g6 4. e4 Bg7 5. Qd2 c6 6. f3 b5 7. Bh6 O-O 8. h4 Qa5
9. g4 Bxh6 10. Qxh6 b4 11. Nce2 b3+ 12. Nc3 bxc2 13. Nge2 Na6 14. Qd2 Nb4 15.
Nc1 Be6 16. Bd3 Rab8 17. O-O Nxd3 18. Nxd3 Bc4 19. b3 Bxd3 20. Qxd3 Qb4 21. Ne2
c5 22. Rfc1 Rfc8 23. Rxc2 cxd4 24. Rxc8+ Rxc8 25. Qxd4 Qxd4+ 26. Nxd4 Rc5 27.
Kf2 h5 28. g5 Nd7 29. Rd1 Ne5 30. Rd2 Kf8 31. f4 Ng4+ 32. Ke2 e5 33. Nf3 Ke7
34. fxe5 dxe5 35. Kd3 Ke6 36. b4 Rc1 37. Rc2 Rxc2 38. Kxc2 Kd6 39. a4 f5 40.
gxf6 Nxf6 41. Ng5 Nd7 42. Kc3 a6 43. Kb3 Kc6 44. Nf7 Kb6 45. Kc4 Nf6 46. Nxe5
Nxe4 47. Nxg6 Nd6+ 48. Kd5 Nf5 49. Ke5 Ne3 50. Nf4 Kc6 51. Ke4 Nc4 52. Nxh5 Nb2
53. b5+ axb5 54. axb5+ Kxb5 55. Nf6 Nc4 56. h5 Nd6+ 57. Ke5 Kc6 58. Ke6 Nb5 59.
h6 Nd4+ 60. Kf7 Nf3 61. Ne4 Ne5+ 62. Kg7 Kd7 63. h7 1-0

[Event "2023 Norbert Muller Cup (Division A)"]
[Site "Woodvale, Perth WA AUS"]
[Date "2023.10.25"]
[Round "3"]
[White "Saxon, Marc"]
[Black "Janceski, Alex"]
[Result "1-0"]
[WhiteElo "2047"]
[BlackElo "1878"]
[PlyCount "43"]
[EventDate "2023.10.11"]
[EventType "tourn"]
[EventRounds "7"]
[EventCountry "AUS"]
[TimeControl "3600+30"]

1. e4 c5 2. Nf3 d6 3. d4 cxd4 4. Nxd4 Nf6 5. Nc3 a6 6. Bg5 e6 7. f4 Be7 8. Qf3
Nbd7 9. O-O-O Qc7 10. g4 b5 11. a3 Bb7 12. Bxf6 Bxf6 13. g5 Bxd4 14. Rxd4 O-O
15. Bg2 Nb6 16. f5 Rad8 17. f6 Nc4 18. Qh5 Qc5 19. Rd3 gxf6 20. Nd5 fxg5 21.
Qxg5+ Kh8 22. Qf6+ 1-0

[Event "2023 Norbert Muller Cup (Division B)"]
[Site "Woodvale, Perth WA AUS"]
[Date "2023.10.25"]
[Round "3"]
[White "Gough, Dylan"]
[Black "Michael, Ashley"]
[Result "1-0"]
[WhiteElo "1823"]
[BlackElo "1563"]
[PlyCount "45"]
[EventDate "2023.10.11"]
[EventType "tourn"]
[EventRounds "7"]
[EventCountry "AUS"]
[TimeControl "3600+30"]

1. d4 Nf6 2. c4 c5 3. e3 e6 4. Nc3 d5 5. Nf3 Nc6 6. cxd5 exd5 7. Bb5 a6 8.
Bxc6+ bxc6 9. O-O Bg4 10. h3 Bh5 11. Re1 Be7 12. dxc5 Bxc5 13. Qa4 Qc7 14. Nd4
Kd7 15. e4 Rhe8 16. e5 Rab8 17. Nb3 Bd6 18. Bg5 Bxe5 19. Bxf6 Bxc3 20. Bxc3 Qd6
21. Qxa6 Bg6 22. Qa7+ Qc7 23. Qxc7+ 1-0

[Event "2023 Norbert Muller Cup (Division B)"]
[Site "Woodvale, Perth WA AUS"]
[Date "2023.10.25"]
[Round "3"]
[White "Leonhardt, Wolfgang"]
[Black "Weijermars, Tristan"]
[Result "1-0"]
[WhiteElo "1760"]
[BlackElo "1575"]
[PlyCount "75"]
[EventDate "2023.10.11"]
[EventType "tourn"]
[EventRounds "7"]
[EventCountry "AUS"]
[TimeControl "3600+30"]

1. d4 d5 2. Nf3 Nf6 3. c4 e6 4. a3 c5 5. dxc5 Bxc5 6. b4 Be7 7. Bb2 dxc4 8. Nc3
Qxd1+ 9. Rxd1 O-O 10. e3 a6 11. Bxc4 b5 12. Be2 Ra7 13. O-O Rd7 14. Ne5 Rxd1
15. Rxd1 Bb7 16. g4 Rd8 17. f3 Rxd1+ 18. Bxd1 Nbd7 19. Nd3 Nd5 20. Nxd5 Bxd5
21. Kf2 Bc4 22. Bc2 Kf8 23. f4 Ke8 24. Kf3 g6 25. e4 Bd8 26. Ke3 a5 27. Ne5
Bb6+ 28. Bd4 Bxd4+ 29. Kxd4 Nxe5 30. Kxe5 axb4 31. axb4 Ke7 32. g5 Be2 33. h4
Bc4 34. f5 exf5 35. exf5 Be2 36. Be4 Bc4 37. f6+ Kd7 38. Bd5 1-0

[Event "2023 Norbert Muller Cup (Division B)"]
[Site "Woodvale, Perth WA AUS"]
[Date "2023.10.25"]
[Round "3"]
[White "Bhatia, Abhay"]
[Black "Browning, Thomas"]
[Result "1-0"]
[WhiteElo "1745"]
[BlackElo "1651"]
[PlyCount "43"]
[EventDate "2023.10.11"]
[EventType "tourn"]
[EventRounds "7"]
[EventCountry "AUS"]
[TimeControl "3600+30"]

1. d4 d5 2. c4 Nf6 3. cxd5 Nxd5 4. e4 Nf6 5. Nc3 b6 6. Bb5+ Nbd7 7. e5 c6 8.
Bxc6 Rb8 9. exf6 gxf6 10. Bf4 Rb7 11. Nb5 Bg7 12. Qg4 Kf8 13. Bxb7 Bxb7 14. Nf3
a6 15. Nc3 Rg8 16. O-O e5 17. dxe5 fxe5 18. Rad1 Bc8 19. Nxe5 Bxe5 20. Bh6+ Bg7
21. Qb4+ Ke8 22. Rfe1+ 1-0

[Event "2023 Norbert Muller Cup (Division B)"]
[Site "Woodvale, Perth WA AUS"]
[Date "2023.10.25"]
[Round "3"]
[White "Balavignan, Ashvin"]
[Black "Oswald, Franz"]
[Result "1-0"]
[WhiteElo "1683"]
[BlackElo "1678"]
[PlyCount "55"]
[EventDate "2023.10.11"]
[EventType "tourn"]
[EventRounds "7"]
[EventCountry "AUS"]
[TimeControl "3600+30"]

1. d4 Nf6 2. c4 e6 3. Nc3 Bb4 4. e3 b6 5. Qf3 d5 6. Bd3 Bb7 7. Bd2 Qc8 8. Qg3
O-O 9. Nf3 dxc4 10. Bxc4 Bxc3 11. Bxc3 Ne4 12. Qh3 Nxc3 13. bxc3 c5 14. Bd3 f5
15. O-O Rf6 16. Ne5 Nd7 17. Qg3 Nxe5 18. Qxe5 Rg6 19. f3 Qb8 20. Qxb8+ Rxb8 21.
dxc5 Rc8 22. cxb6 axb6 23. Rac1 Rd8 24. Rcd1 Ra8 25. Rd2 Rd8 26. Kf2 Bd5 27.
Bc4 Ra8 28. Rxd5 1-0

[Event "2023 Norbert Muller Cup (Division C)"]
[Site "Woodvale, Perth WA AUS"]
[Date "2023.11.22"]
[Round "3"]
[White "Boswarva, Ernest"]
[Black "Hintz, Steven"]
[Result "1/2-1/2"]
[WhiteElo "1537"]
[BlackElo "1553"]
[PlyCount "89"]
[EventDate "2023.10.11"]
[EventType "tourn"]
[EventRounds "7"]
[EventCountry "AUS"]
[TimeControl "3600+30"]

1. d4 Nf6 2. e3 d5 3. Bd3 c5 4. c3 cxd4 5. exd4 Bg4 6. Ne2 e6 7. f3 Bh5 8. Nf4
Bg6 9. Nxg6 hxg6 10. Bg5 Bd6 11. f4 Nbd7 12. Nd2 Qc7 13. g3 a6 14. Nf3 Nh7 15.
Qe2 Nhf8 16. Ne5 Be7 17. Bxe7 Kxe7 18. O-O-O b5 19. Kb1 Nb6 20. g4 Nc4 21. f5
Nxe5 22. dxe5 gxf5 23. gxf5 Rh6 24. Rhg1 g6 25. fxg6 Nxg6 26. Qe3 Rah8 27. Qg5+
Ke8 28. Rdf1 Qe7 29. Rf6 Rh5 30. Qg3 Nxe5 31. Rgf1 Rf8 32. Bg6 Nxg6 33. Qb8+
Qd8 34. Qxd8+ Kxd8 35. Rxg6 Rxh2 36. Rxe6 fxe6 37. Rxf8+ Kc7 38. Ra8 Kb7 39.
Re8 Rh6 40. Kc2 Rh2+ 41. Kb3 Rh6 42. Kb4 Kb6 43. Rb8+ Ka7 44. Re8 Kb6 45. Rb8+
1/2-1/2

[Event "2023 Norbert Muller Cup (Division C)"]
[Site "Woodvale, Perth WA AUS"]
[Date "2023.10.25"]
[Round "3"]
[White "Sethuraman, Jaswanth Ram"]
[Black "Walker, Colin"]
[Result "1-0"]
[WhiteElo "1298"]
[BlackElo "1461"]
[PlyCount "25"]
[EventDate "2023.10.11"]
[EventType "tourn"]
[EventRounds "7"]
[EventCountry "AUS"]
[TimeControl "3600+30"]

1. e4 c5 2. Nf3 g6 3. Bc4 e6 4. Nc3 Bg7 5. d3 Nc6 6. Bf4 Nge7 7. Nb5 e5 8. Nd6+
Kf8 9. Bg3 Qa5+ 10. c3 Nd8 11. Nxe5 Bxe5 12. Bxe5 Rg8 13. Qf3 1-0

[Event "2023 Norbert Muller Cup (Division C)"]
[Site "Woodvale, Perth WA AUS"]
[Date "2023.10.25"]
[Round "3"]
[White "Massam, Justin"]
[Black "Curtis, Calan"]
[Result "1-0"]
[WhiteElo "1542"]
[BlackElo "1431"]
[PlyCount "41"]
[EventDate "2023.10.11"]
[EventType "tourn"]
[EventRounds "7"]
[EventCountry "AUS"]
[TimeControl "3600+30"]

1. d4 e6 2. Nf3 d5 3. Bf4 c5 4. c3 Qb6 5. b3 Nc6 6. e3 cxd4 7. exd4 Nf6 8. Bd3
Nh5 9. Be3 Bd6 10. O-O Qc7 11. Nbd2 b6 12. Re1 Bb7 13. Rc1 Qc8 14. Ng5 g6 15.
Qf3 Qc7 16. Qh3 Nf4 17. Bxf4 Bxf4 18. Nxe6 fxe6 19. Qxe6+ Ne7 20. Qf6 Rf8 21.
Bb5+ 1-0

[Event "2023 Norbert Muller Cup (Division C)"]
[Site "Woodvale, Perth WA AUS"]
[Date "2023.10.25"]
[Round "3"]
[White "Akers, Gerard"]
[Black "Brooke, John"]
[Result "1-0"]
[WhiteElo "1562"]
[BlackElo "1462"]
[PlyCount "103"]
[EventDate "2023.10.11"]
[EventType "tourn"]
[EventRounds "7"]
[EventCountry "AUS"]
[TimeControl "3600+30"]

1. e4 e5 2. Nf3 Nc6 3. Bb5 d6 4. d4 Bd7 5. O-O a6 6. Bxc6 Bxc6 7. Re1 h6 8. Nc3
Nf6 9. h3 Be7 10. dxe5 dxe5 11. Qxd8+ Rxd8 12. Nxe5 Bxe4 13. Nxe4 Nxe4 14. Rxe4
Rd1+ 15. Kh2 Bd6 16. f4 Bc5 17. Nd3+ Kd8 18. Nxc5 Kc8 19. b3 Rd6 20. Re2 Rhd8
21. Nd3 h5 22. Bb2 f6 23. Rae1 h4 24. Re8 b6 25. R1e7 g5 26. Rxd8+ Kxd8 27. Rf7
gxf4 28. Rxf6 Ke7 29. Rxd6 Kxd6 30. Nxf4 c5 31. Ng6 b5 32. c4 b4 33. a3 a5 34.
a4 Ke6 35. Nxh4 Kd6 36. Kg3 Ke6 37. Kf4 Kd6 38. Kf5 Kc6 39. Ng6 Kd6 40. h4 Kd7
41. Kf6 Kc6 42. h5 Kd6 43. h6 Kd7 44. h7 Kd6 45. h8=Q Kd7 46. Qg7+ Kc6 47. Ne7+
Kb6 48. Nd5+ Ka6 49. Qf8 Ka7 50. Qxc5+ Kb7 51. Qc7+ Ka8 52. Nb6# 1-0

[Event "2023 Norbert Muller Cup (Division D)"]
[Site "Woodvale, Perth WA AUS"]
[Date "2023.10.25"]
[Round "3"]
[White "Knight, Charles"]
[Black "Gough, Sebastian"]
[Result "1-0"]
[WhiteElo "1440"]
[BlackElo "1058"]
[PlyCount "43"]
[EventDate "2023.10.11"]
[EventType "swiss"]
[EventRounds "7"]
[EventCountry "AUS"]
[TimeControl "3600+30"]

1. d4 Nf6 2. Bf4 g6 3. Nf3 d6 4. e3 Bg7 5. Bd3 Bg4 6. Nbd2 O-O 7. h3 Bxf3 8.
Qxf3 c6 9. O-O-O d5 10. g4 Nbd7 11. h4 e6 12. h5 Ne8 13. hxg6 fxg6 14. Qh3 Ndf6
15. g5 Nd7 16. Qxh7+ Kf7 17. Bxg6+ Ke7 18. Bxe8 Kxe8 19. Qxg7 Rf7 20. Qg8+ Rf8
21. Qxe6+ Qe7 22. Qxe7+ 1-0

[Event "2023 Norbert Muller Cup (Division D)"]
[Site "Woodvale, Perth WA AUS"]
[Date "2023.10.25"]
[Round "3"]
[White "Bordas, Lindsay"]
[Black "Porteus, Grant"]
[Result "1-0"]
[WhiteElo "1196"]
[BlackElo "1431"]
[PlyCount "73"]
[EventDate "2023.10.11"]
[EventType "swiss"]
[EventRounds "7"]
[EventCountry "AUS"]
[TimeControl "3600+30"]

1. e4 c6 2. Nf3 d5 3. Nc3 Bg4 4. exd5 cxd5 5. Be2 e6 6. d4 a6 7. Ne5 Bf5 8. Bh5
g6 9. Bg4 Nh6 10. Bxh6 Bxh6 11. Bxf5 exf5 12. O-O O-O 13. Qf3 Nc6 14. Qxd5 Nxd4
15. Qxb7 Re8 16. Nxf7 Qh4 17. Qd5 Ne6 18. Nxh6+ Qxh6 19. Rae1 Rad8 20. Qc6 Kf7
21. Qb7+ Re7 22. Qxa6 Rde8 23. Qc4 Kf8 24. Nd5 Rf7 25. Qb4+ Kg8 26. Qb6 g5 27.
Nc7 Rxc7 28. Rxe6 Rxe6 29. Qxc7 g4 30. Qc8+ Kf7 31. Qc4 Kf6 32. Qd4+ Kg5 33.
Qd2+ f4 34. g3 Re4 35. Qd5+ Kf6 36. Qxe4 Kg7 37. Qxf4 1-0

[Event "2023 Norbert Muller Cup (Division D)"]
[Site "Woodvale, Perth WA AUS"]
[Date "2023.10.25"]
[Round "3"]
[White "Hounsome, David"]
[Black "Owen, Geoffrey"]
[Result "1-0"]
[WhiteElo "1417"]
[BlackElo "1120"]
[PlyCount "65"]
[EventDate "2023.10.11"]
[EventType "swiss"]
[EventRounds "7"]
[EventCountry "AUS"]
[TimeControl "3600+30"]

1. b3 e5 2. Bb2 Nc6 3. e3 d5 4. Bb5 Bd6 5. f4 f6 6. fxe5 fxe5 7. Bxc6+ bxc6 8.
Bxe5 Qh4+ 9. g3 Qe4 10. Bxg7 Qxh1 11. Qh5+ Ke7 12. Kf1 Nf6 13. Qh4 Ba6+ 14. d3
Raf8 15. Bxh8 Rxh8 16. Nd2 Rg8 17. Ndf3 Bc8 18. Ke1 Bxg3+ 19. hxg3 Qxh4 20.
gxh4 Nh5 21. e4 Kd6 22. e5+ Ke6 23. Ng5+ Ke7 24. Nxh7 Ng3 25. Kf2 Ne4+ 26. dxe4
Rg4 27. exd5 cxd5 28. Nf3 c5 29. Nf6 Rg7 30. Nxd5+ Ke6 31. c4 Rf7 32. Ke3 Bb7
33. Ng5+ 1-0

[Event "2023 Norbert Muller Cup (Division D)"]
[Site "Woodvale, Perth WA AUS"]
[Date "2023.10.25"]
[Round "3"]
[White "Overste, Brian"]
[Black "Nel, Kevin"]
[Result "0-1"]
[WhiteElo "998"]
[BlackElo "1147"]
[PlyCount "82"]
[EventDate "2023.10.11"]
[EventType "swiss"]
[EventRounds "7"]
[EventCountry "AUS"]
[TimeControl "3600+30"]

1. e4 e5 2. Nf3 Nc6 3. Bc4 Nf6 4. Ng5 d5 5. Bb3 Nxe4 6. d3 Nxg5 7. h4 Ne6 8.
Qf3 Ned4 9. Qd1 Be7 10. c3 Nxb3 11. Qxb3 Be6 12. Qxb7 Na5 13. Qb5+ c6 14. Qa4
O-O 15. b4 Nb7 16. Nd2 d4 17. Qxc6 Nd6 18. c4 Nf5 19. Qb5 Nxh4 20. Kf1 Bf5 21.
c5 Qd5 22. f3 Ng6 23. Rh5 Bd7 24. Qa6 Rfe8 25. Ne4 Nf4 26. Bxf4 g6 27. Rxe5 Bc8
28. Qa3 Qc6 29. Qb3 Be6 30. Qb2 Rad8 31. Bg5 Rd5 32. b5 Qc7 33. Rxd5 Bxd5 34.
Qxd4 Bxg5 35. Qxd5 Re5 36. Qa8+ Kg7 37. Nd6 Qxc5 38. Ne8+ Kh6 39. Qc6 Qe3 40.
Qc3 Qe2+ 41. Kg1 Be3+ 0-1

[Event "2023 Norbert Muller Cup (Division D)"]
[Site "Woodvale, Perth WA AUS"]
[Date "2023.10.25"]
[Round "3"]
[White "Young, Manfred"]
[Black "May, Wendy"]
[Result "1-0"]
[WhiteElo "1134"]
[BlackElo "875"]
[PlyCount "90"]
[EventDate "2023.10.11"]
[EventType "swiss"]
[EventRounds "7"]
[EventCountry "AUS"]
[TimeControl "3600+30"]

1. e4 e5 2. Nf3 Nc6 3. a3 Nf6 4. Nc3 d5 5. exd5 Nxd5 6. Bb5 Nxc3 7. bxc3 e4 8.
Ne5 a6 9. Nxc6 Qd5 10. Nb4+ Qxb5 {At this point, White illegally castled. The
position after 11. O-O will instead be reached using a series of moves.} 11.
Qe2 Qb6 12. O-O Qb5 13. Qd1 {The position after 11. O-O has been reached.} a5
14. Na2 h5 15. d3 f5 16. c4 Qe5 17. Bd2 Bd6 18. g3 h4 19. Bc3 Qe7 20. dxe4 fxe4
21. Qd4 hxg3 22. hxg3 Bh3 23. Rfe1 Bc5 24. Qxg7 Rf8 25. Qg6+ Kd8 26. Rxe4 Qf7
27. Qg5+ Be7 28. Qe3 Qf3 29. Qxf3 Rxf3 30. Rae1 Bc5 31. Rd1+ Bd6 32. c5 Bf5 33.
Rh4 Rd3 34. Rxd3 Bxd3 35. Rh8+ Kd7 36. Rxa8 Bxc5 37. Rxa5 b6 38. Ra8 Bc4 39.
Nc1 b5 40. Bb4 Bd5 41. Bxc5 Bxa8 42. Nd3 c6 43. Bb4 Kc7 44. Nc5 Kb6 45. a4 Ka7
46. a5 Bb7 47. Nxb7 Kxb7 {Scoresheet not clear} 1-0

[Event "2023 Norbert Muller Cup (Division A)"]
[Site "Woodvale, Perth WA AUS"]
[Date "2023.11.01"]
[Round "4"]
[White "Maris, Rob"]
[Black "Janceski, Alex"]
[Result "1/2-1/2"]
[WhiteElo "2099"]
[BlackElo "1878"]
[PlyCount "78"]
[EventDate "2023.10.11"]
[EventType "tourn"]
[EventRounds "7"]
[EventCountry "AUS"]
[TimeControl "3600+30"]

1. c4 g6 2. g3 Bg7 3. Bg2 c6 4. Nc3 Nf6 5. e4 d6 6. d4 O-O 7. h3 Qc7 8. Be3
Nbd7 9. Rc1 a6 10. Qd2 e5 11. Nge2 Nb6 12. b3 Bd7 13. O-O Rae8 14. dxe5 dxe5
15. Bc5 Rd8 16. Qe3 Nc8 17. Bxf8 Bxf8 18. Kh1 Re8 19. Qd3 Kg7 20. Rfd1 Be6 21.
Na4 b6 22. f4 Bd6 23. f5 Bd7 24. c5 Be7 25. cxb6 Nxb6 26. Qxa6 Nxa4 27. Qxa4 c5
28. Qc4 Rb8 29. a4 Qb6 30. fxg6 hxg6 31. Rc3 Be6 32. Qd3 Bxb3 33. Rb1 c4 34.
Qf3 Qa7 35. Nc1 Bb4 36. Rcxb3 cxb3 37. Qxb3 Bd6 38. Qd3 Rxb1 39. Qxb1 Qxa4
1/2-1/2

[Event "2023 Norbert Muller Cup (Division A)"]
[Site "Woodvale, Perth WA AUS"]
[Date "2023.11.01"]
[Round "4"]
[White "Wolstencroft, Alan"]
[Black "Saxon, Marc"]
[Result "1/2-1/2"]
[WhiteElo "1865"]
[BlackElo "2047"]
[PlyCount "93"]
[EventDate "2023.10.11"]
[EventType "tourn"]
[EventRounds "7"]
[EventCountry "AUS"]
[TimeControl "3600+30"]

1. e4 c5 2. Nf3 g6 3. d4 cxd4 4. Nxd4 Nc6 5. c4 Nf6 6. Nc3 Nxd4 7. Qxd4 Bg7 8.
Qd3 d6 9. Be2 O-O 10. O-O Be6 11. Rb1 Nd7 12. Be3 Ne5 13. Qd2 Bxc4 14. Bd4 Bxe2
15. Nxe2 Rc8 16. b3 Nc6 17. Bxg7 Kxg7 18. Kh1 Qa5 19. Qxa5 Nxa5 20. Rfc1 Nc6
21. a3 Ne5 22. Kg1 Nd3 23. Rd1 Nc5 24. f3 Rc7 25. Nf4 Rc6 26. Nd5 e6 27. Ne3 b5
28. a4 bxa4 29. bxa4 Nxa4 30. Rb7 a6 31. Rd7 Nc3 32. R7xd6 Rxd6 33. Rxd6 Ra8
34. Nc4 a5 35. Rd3 Nb5 36. Rb3 Nd4 37. Ra3 Nc6 38. Kf2 Kf6 39. f4 h6 40. Ke3 g5
41. g3 gxf4+ 42. gxf4 e5 43. h4 Rg8 44. fxe5+ Nxe5 45. Nxe5 Kxe5 46. Rxa5+ Kf6
47. Rf5+ 1/2-1/2

[Event "2023 Norbert Muller Cup (Division A)"]
[Site "Woodvale, Perth WA AUS"]
[Date "2023.11.01"]
[Round "4"]
[White "Curthoys, Edward"]
[Black "Plaganyi, Gyula"]
[Result "0-1"]
[WhiteElo "1934"]
[BlackElo "1990"]
[BlackTitle "CM"]
[PlyCount "67"]
[EventDate "2023.10.11"]
[EventType "tourn"]
[EventRounds "7"]
[EventCountry "AUS"]
[TimeControl "3600+30"]

1. e4 g6 2. Nf3 Bg7 3. d4 d6 4. c4 Nc6 5. h3 e5 6. d5 Nd4 7. Be3 Nxf3+ 8. Qxf3
Nf6 9. Bd3 a5 10. Nc3 b6 11. Qe2 Nh5 12. Qd2 f5 13. Bg5 Bf6 14. Bxf6 Qxf6 15.
Nb5 Kd8 16. a3 f4 17. Be2 Ng7 18. Rc1 a4 19. Bd1 Qg5 20. Kf1 Bd7 21. h4 Qh6 22.
g4 Ne8 23. f3 Qg7 24. Qb4 Nf6 25. Rg1 Bxb5 26. Qxb5 Ra5 27. Qb4 Qd7 28. Rg2 Ke7
29. Rd2 Rha8 30. Be2 h5 31. g5 Qh3+ 32. Kg1 Qg3+ 33. Kf1 Nd7 34. c5 0-1

[Event "2023 Norbert Muller Cup (Division A)"]
[Site "Woodvale, Perth WA AUS"]
[Date "2023.11.01"]
[Round "4"]
[White "Gibson, Jacob"]
[Black "Clarke, Daniel"]
[Result "1-0"]
[WhiteElo "2018"]
[BlackElo "1928"]
[PlyCount "81"]
[EventDate "2023.10.11"]
[EventType "tourn"]
[EventRounds "7"]
[EventCountry "AUS"]
[TimeControl "3600+30"]

1. e4 e5 2. Nf3 Nc6 3. Bb5 a6 4. Ba4 Nf6 5. d3 b5 6. Bb3 Bc5 7. O-O d6 8. a4
Be6 9. Bxe6 fxe6 10. Bg5 O-O 11. axb5 axb5 12. Nc3 Rxa1 13. Qxa1 Nb4 14. Qb1 c6
15. Ne2 Bb6 16. c3 Na6 17. d4 exd4 18. cxd4 Qd7 19. b4 Nc7 20. Rd1 Ra8 21. Bxf6
gxf6 22. e5 f5 23. exd6 Qxd6 24. Qc1 Nd5 25. Ne5 f4 26. Nxf4 Bxd4 27. Nxd5 Qxe5
28. Ne7+ Kf7 29. Nxc6 Bxf2+ 30. Kxf2 Qxh2 31. Qd2 Qc7 32. Nd4 Qc4 33. Kg1 Ra2
34. Qf4+ Ke7 35. Qg5+ Kd7 36. Nxb5+ Kc6 37. Rd6+ Kb7 38. Qe7+ Kb8 39. Rd8+ Qc8
40. Qc7+ Ka8 41. Qxc8# 1-0

[Event "2023 Norbert Muller Cup (Division B)"]
[Site "Woodvale, Perth WA AUS"]
[Date "2023.11.01"]
[Round "4"]
[White "Michael, Ashley"]
[Black "Oswald, Franz"]
[Result "1-0"]
[WhiteElo "1563"]
[BlackElo "1678"]
[PlyCount "43"]
[EventDate "2023.10.11"]
[EventType "tourn"]
[EventRounds "7"]
[EventCountry "AUS"]
[TimeControl "3600+30"]

1. e4 c5 2. d4 cxd4 3. c3 dxc3 4. Nxc3 Nc6 5. Nf3 d6 6. Bc4 e6 7. O-O a6 8. Qe2
b5 9. Bb3 Be7 10. Rd1 Qc7 11. Bf4 e5 12. Nd5 Qb8 13. Be3 Nf6 14. Nb6 Nxe4 15.
Bd5 Nd4 16. Bxd4 exd4 17. Bc6+ Kf8 18. Nxa8 Nf6 19. Rac1 Bb7 20. Bxb7 Qxb7 21.
Rc7 Qxa8 22. Qxe7+ 1-0